000 00448nam a22001817a 4500
003 MPLRDC
005 20220104143102.0
008 210129b ||||| |||| 00| 0 eng d
020 _a7-80035-354-0
082 _a411.12 LZ
100 _a刘正著
245 _a佛家念力气功: 特异气功修持法
_c
250 _a一版一刷
260 _a
_b中国国际广播出版社
_c1989
300 _b
650 _a
942 _cBK
_o411.12 LZ
999 _c36480
_d36470